| Record ID | marc_loc_2016/BooksAll.2016.part18.utf8:1622898:687 |
| Source | Library of Congress |
| Download Link | /show-records/marc_loc_2016/BooksAll.2016.part18.utf8:1622898:687?format=raw |
LEADER: 00687cam a2200241 a 4500
001 87013528
003 DLC
005 20110921082031.0
008 870505s1986 mau d 000 1 eng
010 $a 87013528
020 $a155504459X (pbk. : lg. print)
020 $a1555042996 (hard : lg. print)
040 $aDLC$cDLC$dDLC$dOCoLC$dDLC
050 10 $aPR9369.3.C58$bF6 1986d
082 00 $a823$219
100 1 $aCoetzee, J. M.,$d1940-
245 10 $aFoe /$cJ.M. Coetzee.
260 $aSouth Yarmouth, Ma. :$bJ. Curley,$cc1986.
300 $a193 p. ;$c22 cm.
650 0 $aSurvival$vFiction.
650 0 $aLarge type books.
655 7 $aAllegories.$2gsafd
655 7 $aDidactic fiction.$2gsafd